000 00346nam a2200133Ia 4500
008 240624s9999 xx 000 0 und d
041 _aeng
082 _a020 SPI
100 _aSPINK AMANDA
245 _aNEW DIRECTIONS IN INFORMATION BEHAVIOUR
260 _c2011
_aUnited Kingdom
_bEmerald
300 _axviii, 320 p.; 23 cm.
365 _cBPS
_b38
999 _c30597
_d30597